00512nam a2200145Ia 4500003000900000008004100009020002600050040001600076100002800092245005800120260003200178300002000210490003300230856010300263IN-BaIIA211028s9999 xx s 000 0 eng d a9780892524907 (Print) cIIA Library aSchuoecker, Dieter, ed. 0aIndustrial Applications of High Power Lasersh[eBook] aWashington, USAbSPIEc1984 aOnline resource aProceedings of SPIE; V. 0455 uhttps://www.spiedigitallibrary.org/conference-proceedings-of-spie/0455yClick Here to Access eBook